LIBRARY & INFORMATION CENTRE, KCAET, TAVANUR

ONLINE PUBLIC ACCESS CATALOGUE (OPAC)

Fruit : Physiology and production / (Record no. 1302)

MARC details
000 -LEADER
fixed length control field 00432cam a2200181ua 4500
041 ## - LANGUAGE CODE
Language code of text/sound track or separate title eng
082 ## - DEWEY DECIMAL CLASSIFICATION NUMBER
Classification number 634
Item number AMA/FR
100 ## - MAIN ENTRY--AUTHOR NAME
Personal name Amar singh, .
245 ## - TITLE STATEMENT
Title Fruit : Physiology and production /
250 ## - EDITION STATEMENT
Edition statement 2 /
260 ## - PUBLICATION, DISTRIBUTION, ETC. (IMPRINT)
Place of publication :
Name of publisher Kalyani publishers ,
Year of publication 1986.
300 ## - PHYSICAL DESCRIPTION
Number of Pages 512 ; .
942 ## - ADDED ENTRY ELEMENTS (KOHA)
Koha item type Books
Holdings
Withdrawn status Lost status Damaged status Home library Current library Date acquired Full call number Accession Number Koha item type
      KAUAET KAUAET 22/08/1986 634 15483 Books
free website counter